000
00303nam a2200097Ia 4500
008
201231s9999 xx 000 0 und d
100
_a
Seker, K R
245
0
_a
Planning successful employee performance: A practical guide to planning individual achievement
260
_a
New Delhi
_b
Wheeler pub
942
_c
BK
999
_c
9743
_d
9743